000 00626nam a2200217 a 4500
001 81035
003 BD-RjUL
005 20230109153335.0
008 230109s2022 bg ||||| |||| 00| 0 eng d
020 _a9789840761760
035 _a(BD-RjUL)81035
040 _aBD-RjUL
_beng
_cBD-RjUL
041 _aeng
082 _223
_a954.9205092
_bMAB 2022
100 _aMannan, Abdul
_96487
245 _aBangabandhu and the changing face of Bangladesh /
_cAbdul Mannan
260 _aDhaka :
_b Bangla Academy,
_cc2022
300 _a132 p. :
_bill. ;
_c 23 cm.
600 _aMujibur Rahman, Sheikh,
_d1920-1975
942 _2ddc
_cBK
999 _c81035
_d81035